|
|
|
|
| LEADER |
00000cam a2200000 4500 |
| 001 |
vtls012263142 |
| 003 |
SK-MaSNL |
| 005 |
20260331212633.0 |
| 008 |
240904s2024 xo ihobg n 000 0 slo |
| 015 |
|
|
|a SNBA2025/02
|
| 020 |
|
|
|a 9788089410828
|q (viazané)
|
| 040 |
|
|
|a SNK
|b slo
|c SNK
|e rda
|
| 041 |
0 |
|
|a slo
|a eng
|b eng
|
| 043 |
|
|
|a e-xo---
|
| 044 |
|
|
|a xo
|c SK
|
| 072 |
|
7 |
|a 911
|x Všeobecná geografia. Systematická geografia
|2 konspekt
|
| 072 |
|
7 |
|a 93/94
|x Dejiny (všeobecne)
|2 konspekt
|
| 080 |
|
|
|a 911.373
|2 2011
|
| 080 |
|
|
|a 911.375(091)
|2 2011
|
| 080 |
|
|
|a 93/94-027.541
|2 2011
|
| 080 |
|
|
|a (437.6)
|2 2011
|
| 080 |
|
|
|a (048.8)
|2 2011
|
| 100 |
1 |
|
|a Vrabec, Ján,
|d 1959-
|4 com
|4 bkd
|4 aut
|4 pht
|9 158326
|
| 245 |
1 |
0 |
|a Turčianska Štiavnička
|b moja rodná
|c autori textov: Andrej Bendík, Vratislav Fischer, Margita Gregorová, ... [et al.] ; autori fotografií: Mikuláš Gregor, Ladislav Hlôška, Bohuslav Hvizdák, ... [et al.] ; zostavil a graficky upravil: Ján Vrabec
|
| 264 |
|
1 |
|a Turany
|b Tlačiareň P+M, s.r.o.
|c [2024]
|
| 300 |
|
|
|a 239 strán
|b erby, faksimile, fotografie, mapy, ilustrácie
|c 31 cm
|
| 336 |
|
|
|a text
|b txt
|2 rdacontent
|
| 336 |
|
|
|a statický obraz
|b sti
|2 rdacontent
|
| 337 |
|
|
|a bez média
|b n
|2 rdamedia
|
| 338 |
|
|
|a zväzok
|b nc
|2 rdacarrier
|
| 500 |
|
|
|a Vydané pre obec Turčianska Štiavnička
|
| 504 |
|
|
|a Obsahuje bibliografiu na strane 235
|
| 546 |
|
|
|a Text čiastočne aj v angličtine ; resumé v angličtine
|
| 650 |
0 |
7 |
|a obce
|2 SNKPH
|9 2935
|
| 650 |
0 |
7 |
|a Municipalities
|2 SNKPHeng
|9 266969
|
| 650 |
0 |
7 |
|a dejiny obcí
|2 SNKPH
|9 164834
|
| 650 |
0 |
7 |
|a History of municipalities
|2 SNKPHeng
|9 302507
|
| 650 |
0 |
7 |
|a regionálne dejiny
|2 SNKPH
|9 63645
|
| 650 |
0 |
7 |
|a Regional history
|2 SNKPHeng
|9 266493
|
| 651 |
|
7 |
|a Turčianska Štiavnička (Slovensko)
|2 SNKPHgeo
|9 263288
|
| 651 |
|
7 |
|a Turčianska Štiavnička (Slovakia)
|2 SNKPHeng
|9 511960
|
| 655 |
|
7 |
|a monografie
|2 SNKPH
|9 70139
|
| 655 |
|
7 |
|a Monographs
|2 SNKPHeng
|9 120675
|
| 700 |
1 |
|
|a Bendík, Andrej,
|d 1975-
|4 aut
|9 181787
|
| 700 |
1 |
|
|a Fischer, Vratislav
|4 aut
|9 511961
|
| 700 |
1 |
|
|a Gregorová, Margita
|4 aut
|9 511962
|
| 700 |
1 |
|
|a Hlôška, Ladislav,
|d 1965-
|4 aut
|4 pht
|9 211060
|
| 700 |
1 |
|
|a Horňák, Milan,
|d 1980-
|4 aut
|9 180124
|
| 700 |
1 |
|
|a Januš, Ján
|c (publicista)
|4 aut
|9 199022
|
| 700 |
1 |
|
|a Kohút, Branislav,
|d 1976-
|4 aut
|9 190126
|
| 700 |
1 |
|
|a Kramárová, Mira
|4 aut
|9 511963
|
| 700 |
1 |
|
|a Očka, Ján
|4 aut
|4 pht
|9 511964
|
| 700 |
1 |
|
|a Očka, Peter
|4 aut
|9 511965
|
| 700 |
1 |
|
|a Očka, Stanislav,
|d 1980-
|4 aut
|4 pht
|9 181807
|
| 700 |
1 |
|
|a Pták, Ivan
|4 aut
|9 511966
|
| 700 |
1 |
|
|a Slezáková, Marta
|4 aut
|9 376053
|
| 700 |
1 |
|
|a Vrabcová Fischerová, Alexandra
|4 aut
|9 511967
|
| 700 |
1 |
|
|a Gregor, Mikuláš
|4 pht
|9 511968
|
| 700 |
1 |
|
|a Hvizdák, Bohuslav
|4 pht
|9 511969
|
| 700 |
1 |
|
|a Vrabec, Peter
|4 aut
|4 pht
|9 475084
|
| 700 |
1 |
|
|a Vrabec, Martin
|4 pht
|9 511970
|
| 852 |
|
|
|a Slovenská národná knižnica
|
| 919 |
|
|
|a 978-80-89410-82-8
|
| 954 |
|
|
|a odborná, vedecká literatúra pôvodná (slovenská)
|2 lita
|
| 958 |
|
|
|a NB
|
| 999 |
|
|
|c 788539
|d 790469
|
| 952 |
|
|
|a SNK
|b SNK
|y PREZ
|7 0
|p 17A1552431
|o snkSB 100706
|i snk2024/13879
|8 0
|0 0
|1 0
|4 0
|d 2024-09-04
|l 0
|r 2025-05-19 00:00:00
|w 2026-02-24
|
| 952 |
|
|
|a SNK
|b SNK
|y VYP
|7 0
|p 17A1552432
|o snkSB 100706 D1
|i snk2024/13880
|8 0
|0 0
|1 0
|4 0
|d 2024-09-04
|l 0
|r 2026-02-24 01:27:46
|w 2026-02-24
|